The unintended consequences of social action /

Bibliographic Details
Main Author: Boudon, Raymond
Format: Book
Language:English
Published: New York : St. Martin's Press, 1982.
Subjects:

MARC

Tag First Indicator Second Indicator Subfields
LEADER 00000pam a2200000 a 4500
001 in00000092365
005 20150923132120.0
008 811202s1982 nyua b 00110 eng
010 |a  81021372  
020 |a 0312833032 
035 |a (OCoLC)08034631 
035 |9 AAK7449AM 
039 0 |a 2  |b 3  |c 3  |d 3  |e 3 
040 |a DLC  |c DLC  |d TXA  |d UtOrBLW 
049 |a TXAM  |c [1387761] 
050 0 0 |a HM51  |b  B763 1982 
082 0 |a 361.6/13  |2 19 
100 1 |a Boudon, Raymond. 
245 1 4 |a The unintended consequences of social action /  |c Raymond Boudon. 
264 1 |a New York :  |b St. Martin's Press,  |c 1982. 
300 |a vi, 232 pages :  |b illustrations ;  |c 23 cm. 
336 |a text  |b txt  |2 rdacontent 
337 |a unmediated  |b n  |2 rdamedia 
338 |a volume  |b nc  |2 rdacarrier 
504 |a Includes bibliographical references and index. 
650 0 |a Social action. 
999 |a MARS 
999 f f |s e4fd5ced-ed6f-3a71-af29-e2a84a673aca  |i e663f8e5-7916-3d2e-9f0f-ad497c37cb11  |t 0 
952 f f |p ric  |a Texas A&M University  |b Rellis Campus  |c Joint Library Facility  |d Remote Storage  |t 0  |e HM51 B763 1982  |h Library of Congress classification  |i unmediated -- volume  |m A14806006417 
998 f f |a HM51 B763 1982  |t 0  |l Remote Storage